000 01126cam a2200265 i 4500
003 SA-RiAUC
005 20250903085827.0
008 250901s1994 le o g 00000bara c
040 _aSA-RiAUC
_bara
_cSA-RiAUC
_erda
082 0 4 _a928.1
090 _a928.1
_bخ ط ي
100 1 _aالخطيب، إحسان فؤاد.
_eمؤلف.
245 1 0 _aومضات من عمر الزمن :
_bقبسات من حياة الشيخ فؤاد الخطيب شاعر الثورة العربية الكبرى /
_cإحسان فؤاد الخطيب.
250 _aالطبعة الأولى.
264 1 _aبيروت :
_bإحسان فؤاد الخطيب :
_bدار العلم للملايين،
_c1994
300 _a191 صفحة :
_bصور ؛
_c24 سم
336 _aنص
_btxt
_2rdacontent
_3كتاب
337 _aبدون وسيط
_bn
_2rdamedia
338 _aمجلد
_bnc
_2rdacarrier
600 1 7 _aالخطيب، فؤاد حسن،
_d1883-1957
_2aucnm
650 7 _aالشعر العربي
_yقرن 20
_2aucsh
650 7 _aالشعراء العرب
_vتراجم
_2aucsh
942 _2ddc
_cBOOK
_n0
949 _aSA-JeALM
_d250901
_umohamedma123
_n1
999 _c11411
_d11411